Eponymous TV Shows Quiz Stats

 Plays Quiz Updated Mar 20, 2015

Challenge
Share
Tweet
Embed
Score 0/20 Timer 04:00
5 Plays Today
% Correct
Drake & Josh
85.6%
The Cosby Show
85.2%
Seinfeld
83.6%
I Love Lucy
83.3%
The Andy Griffith Show
81.1%
The Mindy Project
78.2%
The Mary Tyler Moore Show
73.7%
Everybody Hates Chris
73.4%
Reba
72.5%
The Bob Newhart Show
67.7%
% Correct
Roseanne
62.9%
The Dick Van Dyke Show
60.8%
According to Jim
57.5%
The Drew Carey Show
55.3%
Cybill
55.2%
The Bernie Mac Show
55.2%
George Lopez
52.9%
Ellen
47%
The Jamie Foxx Show
43.8%
The Steve Harvey Show
40.2%

You're not logged in!

Compare scores with friends on all Sporcle quizzes.
OR
Log In

You Might Also Like...

Show Comments

Extras

Top Quizzes Today


Score Distribution

Your Account Isn't Verified!

In order to create a playlist on Sporcle, you need to verify the email address you used during registration. Go to your Sporcle Settings to finish the process.

Report this User

Report this user for behavior that violates our Community Guidelines.

Details: